000 00885nam a22002417a 4500
003 DO-SdBNP
005 20211111091621.0
007 ta
008 211111b2021 dr a|||| |||| 00| 0 spa d
020 _a9789945624182
040 _aDO-SdBNP
_bspa
_cBNPHU
100 1 _aMaldonado, Iris
_980576
245 1 0 _a¿En crisis o en control? :
_bguía de consulta rápida para enfrentar crisis /
_cIris Maldonado, Luis Maldonado, Cristina Calderón ; prólogo Benjamín Calderón
260 _aSanto Domingo :
_bFR Multiservicios,
_c2021.
300 _a80 p. :
_bil. ;
_c21 cm.
500 _aIncluye datos biográficos de los autores en la solapa de la contracubierta.
590 _aInventariado, 2021 /LP
700 1 _aMaldonado, Luis
_980577
700 1 _aCalderón, Cristina
_980578
700 1 _aCalderón, Benjamín,
_e pról.
_980579
910 _aLopérez
942 _2ddc
_cLBS1
999 _c50926
_d50926